Youtuber Quiz - Statistics

General Stats
  • This quiz has been taken 1,928 times
    1,524 since last reset
  • The average score is 3 of 5
Answer Stats
Question Answer % Correct
Which has more Subscribers? Mrbeast or Pewdiepie MrBeast
91%
Is youtube is own app? Yes
67%
How many subscribers does mrBeast have? 234 million
51%
Which Youtuber in this list of the most play buttons? Mrbeast
43%
How many subscribers does Pewdiepie have? 111 million
25%
No matching quizzes found
Score Distribution
Percent of People with Each Score
Percentile by Number Answered
Your Score History
You have not taken this quiz since the last reset